000 00481nam a2200181Ia 4500
005 20250423100326.0
008 250422s9999 xx 000 0 und d
020 _a9789785193367
050 _aPN 4781 .O85/
100 _aOsinuga, Abiodun
245 0 _aNews reporting and writing: a guide
260 _aLagos
260 _bMalthouse Press Limited
260 _c2015
300 _a154 p
650 _a Reporters and reporting. Journalism--Authorship.
942 _cBK
999 _c32962
_d32962